Trường điện từ
Kaydedildi:
| Yazar: | |
|---|---|
| Materyal Türü: | Kitap |
| Dil: | Undetermined |
| Baskı/Yayın Bilgisi: |
Tp. HCM
ĐH Bách Khoa
1995
|
| Konular: | |
| Etiketler: |
Etiketle
Etiket eklenmemiş, İlk siz ekleyin!
|
| Thư viện lưu trữ: | Trung tâm Học liệu Trường Đại học Cần Thơ |
|---|
| LEADER | 00520nam a2200181Ia 4500 | ||
|---|---|---|---|
| 001 | CTU_29803 | ||
| 008 | 210402s9999 xx 000 0 und d | ||
| 082 | |a 530.141 | ||
| 082 | |b A107 | ||
| 100 | |a Ngô Nhật ảnh | ||
| 245 | 0 | |a Trường điện từ | |
| 245 | 0 | |c Ngô Nhật ảnh, Trương Trọng Tuấn Mỹ | |
| 260 | |a Tp. HCM | ||
| 260 | |b ĐH Bách Khoa | ||
| 260 | |c 1995 | ||
| 650 | |a electromagnetic fields | ||
| 904 | |i Minh | ||
| 980 | |a Trung tâm Học liệu Trường Đại học Cần Thơ | ||